000 00459cam a22001337a 4500
008 180718b1970 xxu||||| |||| 00| 0 eng d
082 _aK00 D496
100 _aDevine, Eugene J.
245 _aAnalysis of manpower shortages in local government
_cby Eugene J. Devine
260 _aNew York
_bPraeger
_c1970
300 _axix,171p
650 _aLabor supply --United States --Case studies.
650 _aLocal officials and employees --United States --Case studies
999 _c409888
_d409888